Perspectives of Agricultural Cooperatives Re-development after Covid 19 Pandemic in Slovakia

Pandémia Covid 19 je globálna, nielen zdravotná kríza s ničivým dopadom na svetovú ekonomiku vo všeobecnosti. Tieto vplyvy sú čoraz viac viditeľné aj v potravinárstve a poľnohospodárstve ako hlavnom sektore výživy obyvateľstva. Napriek prijatým opatreniam v mnohých krajinách začína šírenie vírusu na...

ver descrição completa

Na minha lista:
Detalhes bibliográficos
Autor principal: Gajdová, Denisa, 1977-
Formato: Capítulo de Livro
Idioma:inglês
Assuntos:
Tags: Adicionar Tag
Sem tags, seja o primeiro a adicionar uma tag!

MARC

LEADER 00000naa a2200000 4500
001 0295163
005 20240502083948.9
041 0 |a eng 
044 |a BG 
245 1 0 |a Perspectives of Agricultural Cooperatives Re-development after Covid 19 Pandemic in Slovakia  |c Denisa Gajdová 
520 |a Pandémia Covid 19 je globálna, nielen zdravotná kríza s ničivým dopadom na svetovú ekonomiku vo všeobecnosti. Tieto vplyvy sú čoraz viac viditeľné aj v potravinárstve a poľnohospodárstve ako hlavnom sektore výživy obyvateľstva. Napriek prijatým opatreniam v mnohých krajinách začína šírenie vírusu narúšať dodávky agropotravinárskych produktov na trhy. 
610 2 0 |a družstvá poľnohospodárske 
610 2 0 |a pandémia 
610 2 0 |a výroba družstevná 
610 2 0 |a výroba poľnohospodárska 
610 2 0 |a kríza hospodárska 
100 1 |a Gajdová, Denisa, 1977-